Hotel management / (Record no. 27180)

MARC details
000 -LEADER
fixed length control field 00931nam a22002537a 4500
005 - DATE AND TIME OF LATEST TRANSACTION
control field 20090603121027.0
008 - FIXED-LENGTH DATA ELEMENTS--GENERAL INFORMATION
fixed length control field 090603t xxu||||| |||| 00| 0 eng d
010 ## - LCCN (DPL NO)
LC control number ENG-93847
020 ## - INTERNATIONAL STANDARD BOOK NUMBER
International Standard Book Number 9788131305270
Terms of availability 595.00
035 ## - SYSTEM CONTROL NUMBER
System control number EN-77380
037 ## - SOURCE OF ACQUISITION
Source of stock number/acquisition DBAD / PUB
040 ## - CATALOGING SOURCE
Original cataloging agency dpl
Language of cataloging English
082 ## - DEWEY DECIMAL CLASSIFICATION NUMBER
Classification number 647.94068
100 ## - MAIN ENTRY--PERSONAL NAME
Personal name Singh, U.K.
Fuller form of name Uttam Kumar Singh
245 ## - TITLE STATEMENT
Title Hotel management /
Statement of responsibility, etc by U.K. Singh [and] J.M. Dewan
260 ## - PUBLICATION, DISTRIBUTION, ETC. (IMPRINT)
Place of publication, distribution, etc New Delhi
Name of publisher, distributor, etc APH Publishing Corporation
Date of publication, distribution, etc 2009
270 ## - ADDRESS
Address 4435-36/7, Ansari Road, Daryaganj,
City New Delhi
Postal code 110002
300 ## - PHYSICAL DESCRIPTION
Extent vi, 229p.
Dimensions 22cm(Hb)
500 ## - GENERAL NOTE
General note Includes index
650 ## - SUBJECT ADDED ENTRY--TOPICAL TERM
Topical term or geographic name as entry element Hotel management
700 ## - ADDED ENTRY--PERSONAL NAME
Personal name Dewan, J.M.
942 ## - ADDED ENTRY ELEMENTS (KOHA)
Source of classification or shelving scheme Dewey Decimal Classification
Item type English Books
Call number suffix SIN
Classification part 647.94068
Holdings
Withdrawn status Lost status Source of classification or shelving scheme Damaged status Not for loan Collection code Home library Current library Date acquired Source of acquisition Cost, normal purchase price Total Checkouts Full call number Barcode Date last seen Copy number Cost, replacement price Koha item type
    Dewey Decimal Classification   Not For Loan Non-fiction D.B.Act.Division D.B.Act.Division 03/06/2009 DBAD / PUB 595.00   647.94068 SIN EN-77380 03/06/2009 1 595.00 English Books

© Delhi Public Library
Hit Counter
free hit counter